| Tag |
First Indicator |
Second Indicator |
Subfields |
| LEADER |
00000cam a2200000Ia 4500 |
| 001 |
in00002387921 |
| 005 |
20151109063654.0 |
| 008 |
080609s2002 txua 000 0 eng d |
| 035 |
|
|
|a (OCoLC)ocn231450388
|
| 035 |
|
|
|a (OCoLC)231450388
|
| 040 |
|
|
|a TXA
|c TXA
|d UtOrBLW
|
| 049 |
|
|
|a TXAM
|
| 090 |
|
|
|a HE203
|b .T43 no. 1702-S
|
| 100 |
1 |
|
|a Lee, Jeong-Soo.
|
| 245 |
1 |
0 |
|a Development of a prototype high-frequency ground-penetrating radar system /
|c Jeong-Soo Lee, Cam Nguyen and Tom Scullion.
|
| 246 |
1 |
|
|i Research project title:
|a Develop improvements for ground-penetrating radar
|
| 264 |
|
1 |
|a College Station, Tex. :
|b Texas Transportation Institute, Texas A&M University System ;
|a [Springfield, Va.] :
|b [Available through the National Technical Information Service],
|c [2002]
|
| 300 |
|
|
|a ix, 17 pages :
|b illustrations ;
|c 28 cm.
|
| 336 |
|
|
|a text
|b txt
|2 rdacontent
|
| 337 |
|
|
|a unmediated
|b n
|2 rdamedia
|
| 338 |
|
|
|a volume
|b nc
|2 rdacarrier
|
| 490 |
1 |
|
|a Report ;
|v 1702-S
|
| 513 |
|
|
|a Project summary report;
|b Sept. 1997-Aug. 1999.
|
| 500 |
|
|
|a Prepared in cooperation with the Texas Dept. of Transportation and the Federal Highway Administration.
|
| 500 |
|
|
|a "January 2002."
|
| 536 |
|
|
|f 0-1702
|
| 650 |
|
0 |
|a Ground penetrating radar.
|
| 650 |
|
0 |
|a Pavements
|x Maintenance and repair.
|
| 650 |
|
0 |
|a Pavements
|x Inspection.
|
| 700 |
1 |
|
|a Nguyen, Cam.
|
| 700 |
1 |
|
|a Scullion, Thomas.
|
| 710 |
1 |
|
|a Texas.
|b Department of Transportation.
|
| 710 |
2 |
|
|a Texas Transportation Institute.
|
| 830 |
|
0 |
|a Research report (Austin, Tex.) ;
|v 1702-S.
|
| 994 |
|
|
|a C0
|b TXA
|
| 948 |
|
|
|a cataloged
|b h
|c 2008/6/9
|d o
|e zliu
|f 4:57:56 pm
|
| 999 |
|
|
|a MARS
|
| 999 |
f |
f |
|s fab462a3-9cc5-3ad2-ab39-516dc341b266
|i 5667d72b-da63-3e13-8134-4cff510eee1d
|t 0
|
| 952 |
f |
f |
|p ric
|a Texas A&M University
|b Rellis Campus
|c Joint Library Facility
|d Remote Storage
|t 0
|e HE203 .T43 no.1702-S
|h Library of Congress classification
|i unmediated -- volume
|m A14837227216
|
| 998 |
f |
f |
|a HE203 .T43 no.1702-S
|t 0
|l Remote Storage
|